| Tag |
First Indicator |
Second Indicator |
Subfields |
| LEADER |
00000cam a2200000 a 4500 |
| 001 |
in00000832421 |
| 005 |
20151018124240.0 |
| 008 |
820611s1980 dcua b f00000 eng d |
| 010 |
|
|
|a gp 82019902
|
| 035 |
|
|
|a (OCoLC)08529521
|
| 035 |
|
|
|9 ADX7593AM
|
| 040 |
|
|
|a GPO
|c GPO
|d UtOrBLW
|
| 043 |
|
|
|a n-us---
|
| 074 |
|
|
|a 931-A-6
|
| 086 |
0 |
|
|a TD 5.35:CG-M-80-5
|
| 088 |
|
|
|a Report no. CG-M-80-5 (16732)
|
| 245 |
0 |
0 |
|a Developing tanker casualty and tanker traffic databases for 1969-1977 /
|c prepared by Science Applications, Inc. under contract "Analysis of tanker accidents for the period 1974 through 1977 and the Analysis of time series and involvements for the period 1969-1977", contract number DOT-CG-800-288-A ; prepared for United States Coast Guard.
|
| 264 |
|
1 |
|a Washington, D.C. :
|b The Coast Guard ;
|c 1980.
|
| 264 |
|
2 |
|a [Springfield, Va.] :
|b [National Technical Information Service, distributor],
|
| 300 |
|
|
|a 1 volume (various pagings) :
|b illustrations ;
|c 28 cm.
|
| 336 |
|
|
|a text
|b txt
|2 rdacontent
|
| 337 |
|
|
|a unmediated
|b n
|2 rdamedia
|
| 338 |
|
|
|a volume
|b nc
|2 rdacarrier
|
| 500 |
|
|
|a At head of title: Final report.
|
| 500 |
|
|
|a "November 30, 1979."
|
| 504 |
|
|
|a Includes bibliographical references.
|
| 500 |
|
|
|a "Report number CG-M-80-5 (16732)"--Cover.
|
| 650 |
|
0 |
|a Tankers.
|
| 650 |
|
0 |
|a Oil pollution of the sea
|z United States.
|
| 650 |
|
0 |
|a Marine accidents.
|
| 710 |
1 |
|
|a United States.
|b Coast Guard.
|
| 710 |
2 |
|
|a Science Applications, inc.
|
| 999 |
|
|
|a MARS
|
| 999 |
f |
f |
|s 117fb1a7-97d8-3523-a28a-2a663812bf6c
|i b28d900c-4c1a-3cfd-9362-fd0ebb74561f
|t 0
|
| 952 |
f |
f |
|p normal
|a Texas A&M University
|b College Station
|c Sterling C. Evans Library
|d Evans: US Documents (Annex 5th floor)
|t 0
|e TD 5.35: CG-M-80-5
|h Superintendent of Documents classification
|i unmediated -- volume
|m A14814203578
|
| 998 |
f |
f |
|a TD 5.35: CG-M-80-5
|t 0
|l Evans: US Documents (Annex 5th floor)
|